|
|
|
|
| LEADER |
01537nam a2200277 a 4500 |
| 008 |
100118s1987 xx a 00000 eng d |
| 020 |
|
|
|a 1870670019
|
| 040 |
|
|
|a HVC
|c HVC
|d EEM
|d DB-DhAAL
|
| 082 |
0 |
0 |
|a 307.1/412/091724
|2 19
|
| 111 |
2 |
0 |
|a Nordic Conference on Environment and Development
|d (1987 :
|c Saltsjöbaden, Stockholm, Sweden)
|? UNAUTHORIZED
|
| 245 |
1 |
0 |
|a Towards sustainable development :
|b fourteen case-studies prepared by African and Asian journalists for the Nordic Conference on Environment and Development at Saltsjöbaden, Stockholm, 8-10 May 1987 : with overview chapters /
|c by Ingvar Carlsson, Gro Harlem Brundtland, Shridath S. Ramphal.
|
| 260 |
|
|
|a London :
|b Panos Institute,
|c c1987.
|
| 300 |
|
|
|a 1 v. (in various pagings) :
|b ill. ;
|c 23 cm.
|
| 541 |
1 |
|
|e 00003165
|
| 700 |
1 |
0 |
|a Carlsson, Ingvar.
|
| 700 |
1 |
0 |
|a Brundtland, Gro Harlem.
|
| 700 |
1 |
0 |
|a Ramphal, S. S.
|
| 650 |
|
0 |
|a Rural development
|z Developing countries
|x Congresses.
|
| 650 |
|
0 |
|a Agricultural development projects
|z Developing countries
|x Congresses.
|
| 651 |
|
0 |
|a Developing countries
|x Economic policy
|x Congresses.
|
| 651 |
|
0 |
|a Developing countries
|x Economic policy
|x Case studies.
|
| 651 |
|
0 |
|a Africa
|x Economic conditions
|x Congresses.
|
| 651 |
|
0 |
|a Asia
|x Economic conditions
|x Congresses.
|
| 852 |
4 |
|
|a Ayesha Abed Library
|j General Shelf.
|
| 999 |
|
|
|c 7082
|d 7082
|
| 952 |
|
|
|0 0
|1 0
|2 ddc
|4 0
|6 307_141209172400000_TOW_1987
|7 0
|9 7355
|a BRACUL
|b BRACUL
|c GEN
|d 2010-01-21
|g 0.00
|l 0
|o 307.1412091724 TOW
|p 3010003165
|r 2010-01-21
|t 1
|w 2010-01-21
|y BK
|z Not price in Register
|